000 00565nam a2200181Ia 4500
008 140626s9999 xx 000 0 und d
100 _aRajael.
245 _aInteractive virtual training environment with web-camera for science and engineering education /
_cRajael ... [et al.].
260 _cc2011.
300 _a2 : 1, page 90
440 _aComputers in Education Journal
521 _aIT
650 _aCamera.
650 _aCollege of sciences.
650 _aComputer engineering.
650 _aInteractive virtual training environment.
942 _cSE
999 _c120903
_d120903